| 000 | 00491nam a22001697a 4500 | ||
|---|---|---|---|
| 003 | SGT | ||
| 020 | _a8120304861 | ||
| 082 | _a658.MAS | ||
| 100 | _aMASSIE,JOSEPH.L | ||
| 245 | _aESSENTIALS OF MANAGEMENT | ||
| 250 | _a4TH | ||
| 260 |
_aNEW DELHI _bPHI _c1994 |
||
| 300 | _a301 | ||
| 650 | _aMANAGEMENT | ||
| 653 | _aBACKGROUND OF MODERN MANAGEMENT,FUNCTION IN THE MANAGEMENT PROCESS,APPLICATION OF MANAGERIAL FUNCTIONS,FINANCIAL MANAGEMENT,MULTINATIONAL MANAGEMEMT | ||
| 942 |
_2ddc _cFCM _01 |
||
| 999 |
_c8843 _d8843 |
||